Marketingový manažment výrobkovej politiky

Pri marketingovej analýze výrobkov vychádzame z bežného marketingového systému, zahŕňajúceho prvky, ktoré pôsobia na aktivity podniku, ovplyvňujú jeho výsledky pri tvorbe nových výrobkov. Patria sem: dodávatelia, konkurencia. Marketingové opatrenia na základe analýzy výrobkov. Marketingová analýza v...

Descrizione completa

Salvato in:
Dettagli Bibliografici
Autore principale: Rajt, Š.
Natura: Capitolo di libro
Lingua:slovacco
Soggetti:
Tags: Aggiungi Tag
Nessun Tag, puoi essere il primo ad aggiungerne!!

MARC

LEADER 00000naa a2200000 4500
001 r015183
005 20221205090146.9
041 0 |a slo 
044 |a SK 
245 1 0 |a Marketingový manažment výrobkovej politiky  |c Š. Rajt 
520 |a Pri marketingovej analýze výrobkov vychádzame z bežného marketingového systému, zahŕňajúceho prvky, ktoré pôsobia na aktivity podniku, ovplyvňujú jeho výsledky pri tvorbe nových výrobkov. Patria sem: dodávatelia, konkurencia. Marketingové opatrenia na základe analýzy výrobkov. Marketingová analýza výrobkov vo vzťahu k marketingovému výskumu. Vyhodnotenie silných miest podniku. Hodnotenie slabých stránok podniku. 
610 2 0 |a marketing 
610 2 0 |a manažment 
610 2 0 |a výrobky nové 
610 2 0 |a dodávatelia 
610 2 0 |a konkurencia 
100 1 |a Rajt, Š.